000 00346nam a2200145 a 4500
001 2712
005 20140414131847.0
008 050927s19uu xx 00 eng d
020 _a0-671-10039-4
050 _aM 398.2
_bG57 1988
245 _aThe golden goose.
260 _aNew York :
_bExeter Books.
300 _a22 p. ; cm.
999 _c110005
_d110005